[Event "HUN-ch Rapid"]
[Site "Ajka"]
[Date "2023.07.21"]
[Round "1"]
[White "Henderson de la Fuente, Andrea"]
[Black "Grigoriants, Sergey"]
[Result "0-1"]
[WhiteElo "1957"]
[BlackElo "2562"]
[PlyCount "94"]
[EventDate "2023.07.21"]
[EventType "swiss (rapid)"]
[EventRounds "13"]
[EventCountry "HUN"]
[SourceTitle "CBM 215 Extra"]
[Source "ChessBase"]
[SourceDate "2023.09.30"]
[SourceVersion "1"]
[SourceVersionDate "2023.09.30"]
[SourceQuality "1"]

1. e4 c5 2. Nc3 e6 3. Nge2 a6 4. a4 Nc6 5. g3 Nf6 6. Bg2 d6 7. 0-0 Be7 8. d4 cxd4 9. Nxd4 Bd7 10. h3 0-0 11. Nxc6 Bxc6 12. Be3 Nd7 13. f4 b5 14. e5 Bxg2 15. Kxg2 dxe5 16. axb5 axb5 17. Nxb5 Rxa1 18. Qxa1 Qc8 19. Nc3 Bb4 20. Qa4 Bxc3 21. bxc3 Qxc3 22. Qxd7 Qxe3 23. fxe5 Qe4+ 24. Kh2 Qxc2+ 25. Kg1 Qc5+ 26. Kg2 Qxe5 27. Qa7 h6 28. Rf2 Qb8 29. Qe7 Qd8 30. Qa7 Qa8+ 31. Qxa8 Rxa8 32. Rd2 g5 33. Kf3 Kg7 34. Rd7 Ra3+ 35. Kg2 h5 36. Rb7 Kg6 37. Re7 g4 38. h4 Ra2+ 39. Kf1 Ra6 40. Kf2 f6 41. Re8 e5 42. Rg8+ Kf5 43. Rh8 Ra2+ 44. Kf1 Ke4 45. Rxh5 f5 46. Rg5 f4 47. Rxg4 Kf3 0-1

[Event "UK-ch Blitz (Women)"]
[Site "Leamington Spa"]
[Date "2022.12.03"]
[Round "7"]
[White "Henderson de la Fuente, Andrea"]
[Black "Dicen, Elis Denele"]
[Result "1-0"]
[WhiteElo "1889"]
[BlackElo "1618"]
[PlyCount "131"]
[EventDate "2022.12.03"]
[EventType "tourn (blitz)"]
[EventRounds "15"]
[EventCountry "ENG"]
[SourceTitle "CBM 211 Extra"]
[Source "ChessBase"]
[SourceDate "2023.01.31"]
[SourceVersion "1"]
[SourceVersionDate "2023.01.31"]
[SourceQuality "1"]

1. e4 e6 2. d4 d5 3. Nd2 dxe4 4. Nxe4 Nd7 5. Nf3 Ngf6 6. Nxf6+ Nxf6 7. c4 c5 8. Be2 Be7 9. 0-0 0-0 10. h3 b6 11. Be3 cxd4 12. Nxd4 Bb7 13. Bf3 Qc8 14. Rc1 Rd8 15. Qe2 Bc5 16. Rfd1 Qc7 17. Nb5 Qe7 18. Bf4 Bxf3 19. Qxf3 Rac8 20. Nxa7 Qxa7 21. a3 Rxd1+ 22. Rxd1 Bf8 23. Be5 Qe7 24. Qg3 h6 25. b3 Ne4 26. Qe3 Nc5 27. b4 Nd7 28. Bd6 Qe8 29. Bg3 Nf6 30. Qxb6 Rxc4 31. Rd8 Qc6 32. Qb8 Nd7 33. Qa8 Qxa8 34. Rxa8 Nb6 35. Rb8 Nd5 36. Bd6 Rc1+ 37. Kh2 Ra1 38. Bxf8 Kh7 39. b5 Ra2 40. Bc5 Kg6 41. g3 Kf5 42. b6 Rb2 43. b7 f6 44. a4 Nc3 45. a5 Na4 46. Be3 Nc3 47. a6 Nd5 48. Bd4 Ra2 49. a7 Ra4 50. Bc5 Ra5 51. Rc8 Ra6 52. b8Q Ra2 53. Rd8 Ke4 54. Rxd5 Kxd5 55. Qd6+ Ke4 56. Qd4+ Kf5 57. g4+ Kg6 58. Qd3+ Kf7 59. Qd7+ Kg6 60. Qxe6 Rc2 61. Qf5+ Kf7 62. Qxc2 h5 63. gxh5 g6 64. Qxg6+ Ke6 65. a8Q Kd7 66. Qf7# 1-0

[Event "UK-ch Blitz (Women)"]
[Site "Leamington Spa"]
[Date "2022.12.03"]
[Round "1"]
[White "Henderson de la Fuente, Andrea"]
[Black "Grigoryan, Meri"]
[Result "1-0"]
[WhiteElo "1889"]
[BlackElo "1918"]
[PlyCount "69"]
[EventDate "2022.12.03"]
[EventType "tourn (blitz)"]
[EventRounds "15"]
[EventCountry "ENG"]
[SourceTitle "CBM 211 Extra"]
[Source "ChessBase"]
[SourceDate "2023.01.31"]
[SourceVersion "1"]
[SourceVersionDate "2023.01.31"]
[SourceQuality "1"]

1. e4 e5 2. Nf3 Nc6 3. Bb5 a6 4. Ba4 Nf6 5. d3 b5 6. Bb3 Be7 7. 0-0 0-0 8. Re1 h6 9. Nbd2 d6 10. c3 Na5 11. Bc2 c5 12. Nf1 Nc6 13. Ng3 Re8 14. d4 cxd4 15. cxd4 Bf8 16. a4 b4 17. b3 Bg4 18. d5 Nd4 19. Be3 Nxc2 20. Qxc2 Bxf3 21. gxf3 Rc8 22. Qd2 a5 23. Rac1 Qd7 24. Nf5 Kh7 25. Kh1 Rxc1 26. Rxc1 Rc8 27. Rg1 Rc3 28. Rb1 Ng8 29. Qe2 Ne7 30. Bd2 Rc2 31. Ne3 Rc8 32. Nc4 Qd8 33. Be3 Ng6 34. Bb6 Qh4 35. Be3 1-0

[Event "UK-ch Blitz (Women)"]
[Site "Leamington Spa"]
[Date "2022.12.03"]
[Round "6"]
[White "Mirzoeva, Elmira"]
[Black "Henderson de la Fuente, Andrea"]
[Result "1/2-1/2"]
[WhiteElo "2120"]
[BlackElo "1889"]
[PlyCount "136"]
[EventDate "2022.12.03"]
[EventType "tourn (blitz)"]
[EventRounds "15"]
[EventCountry "ENG"]
[SourceTitle "CBM 211 Extra"]
[Source "ChessBase"]
[SourceDate "2023.01.31"]
[SourceVersion "1"]
[SourceVersionDate "2023.01.31"]
[SourceQuality "1"]

1. d4 Nf6 2. c4 e6 3. Nf3 b6 4. g3 Bb7 5. Bg2 g6 6. Nc3 Ne4 7. Nxe4 Bxe4 8. Bg5 Be7 9. Bh6 Bb4+ 10. Bd2 Qe7 11. 0-0 0-0 12. Bh6 Re8 13. a3 Bd6 14. b4 c5 15. dxc5 bxc5 16. b5 a6 17. a4 Bc7 18. Qd2 d5 19. Rac1 Nd7 20. Qb2 Qf6 21. Qxf6 Nxf6 22. cxd5 exd5 23. Rxc5 Bd6 24. Rc6 Be7 25. Nd4 Bxg2 26. Kxg2 axb5 27. axb5 Reb8 28. Bg5 Ne4 29. Bxe7 Ra2 30. Re1 Rd2 31. Bf6 Nxf6 32. Rxf6 Rxd4 33. Rb1 Rd2 34. e3 d4 35. exd4 Rxd4 36. b6 Kg7 37. Rc6 Rd7 38. Kf3 Re7 39. Rb2 Rbb7 40. Rbc2 Re5 41. Rc7 Rxb6 42. Rd2 Rb3+ 43. Kg2 Rf5 44. h4 h5 45. Re2 Rbf3 46. Rd2 Ra3 47. Re2 Rf6 48. Rd2 Raf3 49. Re2 R3f5 50. Rd2 g5 51. hxg5 Rxg5 52. Rc4 Rh6 53. Rdd4 Rf5 54. Rf4 Rg5 55. Rcd4 Re6 56. Rd7 Rf6 57. Rxf6 Kxf6 58. Rd6+ Kg7 59. f4 Rb5 60. Kh3 f6 61. Kh4 Kg6 62. Rc6 Rb1 63. Kh3 Rh1+ 64. Kg2 Rb1 65. Rc5 Rb3 66. Kh3 Rb2 67. Ra5 Rc2 68. Rb5 Ra2 1/2-1/2

[Event "UK-ch Blitz (Women)"]
[Site "Leamington Spa"]
[Date "2022.12.03"]
[Round "10"]
[White "Pyun, Lindsay"]
[Black "Henderson de la Fuente, Andrea"]
[Result "1-0"]
[WhiteElo "1515"]
[BlackElo "1889"]
[PlyCount "75"]
[EventDate "2022.12.03"]
[EventType "tourn (blitz)"]
[EventRounds "15"]
[EventCountry "ENG"]
[SourceTitle "CBM 211 Extra"]
[Source "ChessBase"]
[SourceDate "2023.01.31"]
[SourceVersion "1"]
[SourceVersionDate "2023.01.31"]
[SourceQuality "1"]

1. e4 d6 2. d4 Nf6 3. Nc3 e5 4. dxe5 dxe5 5. Qxd8+ Kxd8 6. Be3 c6 7. a3 Ng4 8. Bg5+ f6 9. Bh4 g5 10. Bg3 h5 11. h3 Nh6 12. 0-0-0+ Kc7 13. Bc4 b5 14. Bb3 a5 15. a4 b4 16. Nce2 Ba6 17. Rd2 c5 18. Bd5 Nc6 19. Nf3 Bd6 20. Rhd1 Rad8 21. b3 Nd4 22. Nexd4 cxd4 23. Ne1 Ng8 24. Bxg8 Rhxg8 25. Nd3 Kb6 26. Kb2 Rc8 27. f3 Rc7 28. Be1 Rgc8 29. g4 hxg4 30. hxg4 Bxd3 31. cxd3 Rh7 32. Rc1 Rxc1 33. Kxc1 Rh3 34. Rf2 Kc5 35. Kd2 Bf8 36. Ke2 Rh1 37. Rg2 Rh3 38. Rf2 1-0

[Event "EU-ch Small Nations (Women) 1st"]
[Site "Monte Carlo"]
[Date "2022.11.21"]
[Round "3"]
[White "Sele, Timea"]
[Black "Henderson de la Fuente, Andrea"]
[Result "1/2-1/2"]
[WhiteElo "1334"]
[BlackElo "2009"]
[PlyCount "130"]
[EventDate "2022.11.20"]
[EventType "tourn"]
[EventRounds "9"]
[EventCountry "MNC"]
[SourceTitle "CBM 211 Extra"]
[Source "ChessBase"]
[SourceDate "2023.01.31"]
[SourceVersion "1"]
[SourceVersionDate "2023.01.31"]
[SourceQuality "1"]

1. d4 Nf6 2. c4 e6 3. Nc3 Bb4 4. Qc2 b6 5. e4 Bxc3+ 6. bxc3 Bb7 7. Bd3 d5 8. cxd5 exd5 9. e5 Ne4 10. Ne2 c5 11. Ng3 Nxg3 12. hxg3 Nc6 13. Be3 c4 14. Bf5 h6 15. Qe2 Bc8 16. Bg4 b5 17. a3 Na5 18. Qf3 Nb3 19. Ra2 Be6 20. Bxe6 fxe6 21. Qh5+ Kd7 22. Qg6 Qe7 23. Rh4 Rhf8 24. Rg4 Rf7 25. Kd1 Raf8 26. Rf4 Rxf4 27. gxf4 a5 28. g4 Qf7 29. Qxf7+ Rxf7 30. f3 g6 31. Rh2 Rh7 32. f5 gxf5 33. gxf5 exf5 34. Rxh6 Rxh6 35. Bxh6 Ke6 36. Kc2 b4 37. a4 Kd7 38. f4 bxc3 39. Kxc3 Nc1 40. Kd2 Nd3 41. Kc3 Ke6 42. Bg5 Kd7 43. Bh6 Nb4 44. Bf8 Nc6 45. Ba3 Nd8 46. Bc1 Ne6 47. Be3 Ke7 48. Bd2 Kf7 49. Kb2 Nxd4 50. Bxa5 Nc6 51. Bb6 d4 52. Bxd4 Nxd4 53. Kc3 Ne2+ 54. Kxc4 Nxf4 55. a5 Ke6 56. a6 Nd5 57. a7 Nc7 58. Kc5 f4 59. Kc6 Na8 60. Kb7 f3 61. Kxa8 f2 62. Kb8 f1Q 63. a8Q Qf8+ 64. Kb7 Qxa8+ 65. Kxa8 Kxe5 1/2-1/2

[Event "Olympiad Women-44"]
[Site "Chennai"]
[Date "2022.08.06"]
[Round "8.1"]
[White "Pipiras, Filipa Fortuna"]
[Black "Henderson de la Fuente, Andrea"]
[Result "1/2-1/2"]
[WhiteElo "2139"]
[BlackElo "1962"]
[PlyCount "106"]
[EventDate "2022.07.29"]
[EventType "team-swiss"]
[EventRounds "11"]
[EventCountry "IND"]
[SourceTitle "CBM 210"]
[Source "ChessBase"]
[SourceDate "2022.10.31"]
[SourceVersion "1"]
[SourceVersionDate "2022.10.31"]
[SourceQuality "1"]
[WhiteTeam "Portugal (W)"]
[BlackTeam "Andorra (W)"]
[WhiteTeamCountry "POR"]
[BlackTeamCountry "AND"]

1. d4 Nf6 2. c4 e6 3. Nc3 Bb4 4. Qc2 0-0 5. a3 Bxc3+ 6. Qxc3 b6 7. Bg5 Bb7 8. f3 h6 9. Bh4 d5 10. cxd5 exd5 11. e3 Nbd7 12. Bd3 Re8 13. Ne2 Rc8 14. Bf5 c5 15. Bxf6 gxf6 16. Kf2 cxd4 17. Qxd4 Rc4 18. Qd2 Nc5 19. Nd4 Re5 20. Bb1 Ba6 21. Re1 Qe8 22. h4 h5 23. Ra2 Qa4 24. b3 Nxb3 25. Nxb3 Qxb3 26. Bd3 d4 27. e4 Ra4 28. Bxa6 Rxa6 29. Rc1 Rc5 30. Rxc5 bxc5 31. Rb2 Qe3+ 32. Qxe3 dxe3+ 33. Kxe3 Rxa3+ 34. Kd2 Kg7 35. Rb5 Ra2+ 36. Kd3 Rxg2 37. Rxc5 Ra2 38. Rxh5 a5 39. Ke3 a4 40. Ra5 a3 41. Kf4 Ra1 42. Kf5 a2 43. h5 Rf1 44. Rxa2 Rxf3+ 45. Kg4 Rf1 46. Ra5 Rg1+ 47. Kf4 Kh6 48. Rf5 Rf1+ 49. Kg4 Rxf5 50. Kxf5 Kxh5 51. Kxf6 Kg4 52. Kxf7 Kf4 53. Kf6 Kxe4 1/2-1/2

[Event "Olympiad Women-44"]
[Site "Chennai"]
[Date "2022.07.29"]
[Round "1.1"]
[White "Henderson de la Fuente, Andrea"]
[Black "Movsesian, Julia"]
[Result "0-1"]
[WhiteElo "1962"]
[BlackElo "2291"]
[PlyCount "46"]
[EventDate "2022.07.29"]
[EventType "team-swiss"]
[EventRounds "11"]
[EventCountry "IND"]
[SourceTitle "CBM 210"]
[Source "ChessBase"]
[SourceDate "2022.10.31"]
[SourceVersion "1"]
[SourceVersionDate "2022.10.31"]
[SourceQuality "1"]
[WhiteTeam "Andorra (W)"]
[BlackTeam "Czech Republic (W)"]
[WhiteTeamCountry "AND"]
[BlackTeamCountry "CZE"]

1. e4 e5 2. Nf3 Nc6 3. Bb5 a6 4. Ba4 Nf6 5. d3 b5 6. Bb3 Be7 7. 0-0 0-0 8. Re1 d6 9. a3 Be6 10. c3 Na5 11. Bc2 c5 12. d4 cxd4 13. cxd4 exd4 14. Nxd4 Bd7 15. Nc3 Rc8 16. Re3 Bg4 17. f3 Bd7 18. b3 Nc6 19. Bb2 Nxd4 20. Qxd4 d5 21. b4 Rc4 22. Qe5 d4 23. Nd5 Nxd5 0-1

[Event "Rilton Cup 46th"]
[Site "Stockholm"]
[Date "2017.01.03"]
[Round "7"]
[White "Vrtiakova, Anna"]
[Black "Henderson de la Fuente, Andrea"]
[Result "1-0"]
[WhiteElo "2010"]
[BlackElo "2019"]
[PlyCount "65"]
[EventDate "2016.12.27"]
[EventType "swiss"]
[EventRounds "9"]
[EventCountry "SWE"]
[SourceTitle "CBM 176 Extra"]
[Source "ChessBase"]
[SourceDate "2017.03.02"]
[SourceVersion "1"]
[SourceVersionDate "2017.03.02"]
[SourceQuality "1"]

1. e4 d6 2. d4 Nf6 3. Nc3 e5 4. dxe5 dxe5 5. Qxd8+ Kxd8 6. Bc4 Be6 7. Bxe6 fxe6 8. f3 a6 9. Be3 Bd6 10. Nh3 Nbd7 11. Nf2 Ke7 12. Nd3 Nh5 13. g3 h6 14. Ke2 b5 15. a4 b4 16. Nb1 a5 17. Nd2 Nhf6 18. Nc4 g5 19. g4 Kf7 20. h4 Kg6 21. hxg5 hxg5 22. Rxh8 Rxh8 23. Nxa5 Rh2+ 24. Nf2 Bc5 25. Nc6 Bxe3 26. Kxe3 b3 27. cxb3 Rh8 28. b4 Ne8 29. b3 Nd6 30. Nd3 Kf6 31. Rc1 Ra8 32. b5 Ne8 33. Rh1 1-0

[Event "EU-ch U16 Girls 26th"]
[Site "Prague"]
[Date "2016.08.22"]
[Round "5"]
[White "Henderson de la Fuente, Andrea"]
[Black "Nepomnyaschaya, Mariya"]
[Result "1-0"]
[WhiteElo "2027"]
[BlackElo "1569"]
[PlyCount "63"]
[EventDate "2016.08.18"]
[EventType "swiss"]
[EventRounds "9"]
[EventCountry "CZE"]
[SourceTitle "CBM 174 Extra"]
[Source "ChessBase"]
[SourceDate "2016.10.10"]
[SourceVersion "1"]
[SourceVersionDate "2016.10.10"]
[SourceQuality "1"]

1. e4 c5 2. Nc3 Nc6 3. g3 g6 4. Bg2 Bg7 5. d3 d6 6. Be3 Rb8 7. Qd2 b5 8. Nge2 b4 9. Nd1 Nd4 10. Nc1 e6 11. c3 bxc3 12. bxc3 Nc6 13. f4 Nge7 14. 0-0 0-0 15. Ne2 Ba6 16. f5 exf5 17. exf5 gxf5 18. Bh6 Ne5 19. Bxg7 Kxg7 20. Nf4 N5g6 21. Nh5+ Kh8 22. Qh6 Rg8 23. Qg5 Nc8 24. Qxf5 Rf8 25. Nf6 Kg7 26. Ne3 h6 27. Bd5 Qe7 28. Neg4 Qe2 29. Nh5+ Kh7 30. Qf6 Rg8 31. Qxf7+ Rg7 32. Qxg7# 1-0

[Event "EU-ch U16 Girls 26th"]
[Site "Prague"]
[Date "2016.08.21"]
[Round "4"]
[White "Jibuti, Nata"]
[Black "Henderson de la Fuente, Andrea"]
[Result "1-0"]
[WhiteElo "1761"]
[BlackElo "2027"]
[PlyCount "61"]
[EventDate "2016.08.18"]
[EventType "swiss"]
[EventRounds "9"]
[EventCountry "CZE"]
[SourceTitle "CBM 174 Extra"]
[Source "ChessBase"]
[SourceDate "2016.10.10"]
[SourceVersion "1"]
[SourceVersionDate "2016.10.10"]
[SourceQuality "1"]

1. e4 d6 2. d4 Nf6 3. Nc3 e5 4. Nf3 Nbd7 5. Bc4 Be7 6. 0-0 0-0 7. Re1 c6 8. a4 b6 9. Ba2 a6 10. Bg5 Rb8 11. Qd2 b5 12. axb5 axb5 13. h3 b4 14. Na4 Re8 15. Qe3 Qc7 16. dxe5 dxe5 17. Bxf6 Bxf6 18. Nc5 Nxc5 19. Qxc5 Rb5 20. Qe3 Be7 21. Bc4 Bc5 22. Qg5 Rb8 23. Red1 Be6 24. Bxe6 Rxe6 25. Rd2 f6 26. Qg4 Rd6 27. Rad1 Re8 28. Rxd6 Bxd6 29. Nh4 Kf7 30. Nf5 Bf8 31. Qh5+ 1-0

[Event "EU-ch U16 Girls 26th"]
[Site "Prague"]
[Date "2016.08.20"]
[Round "3"]
[White "Henderson de la Fuente, Andrea"]
[Black "Scarpa, Silvia"]
[Result "1/2-1/2"]
[WhiteElo "2027"]
[BlackElo "1848"]
[PlyCount "88"]
[EventDate "2016.08.18"]
[EventType "swiss"]
[EventRounds "9"]
[EventCountry "CZE"]
[SourceTitle "CBM 174 Extra"]
[Source "ChessBase"]
[SourceDate "2016.10.10"]
[SourceVersion "1"]
[SourceVersionDate "2016.10.10"]
[SourceQuality "1"]

1. e4 c5 2. Nc3 Nc6 3. g3 g6 4. Bg2 Bg7 5. d3 e6 6. Be3 d6 7. Qd2 Rb8 8. Nge2 Nge7 9. Bh6 0-0 10. h4 f6 11. Bxg7 Kxg7 12. f4 h6 13. h5 g5 14. e5 dxe5 15. fxg5 hxg5 16. Ne4 Kh6 17. Nxc5 Qa5 18. Qxa5 Nxa5 19. Ne4 Nf5 20. Kd2 Nd4 21. Nxd4 exd4 22. Nd6 Nc6 23. Rae1 e5 24. Be4 Ne7 25. Nxc8 Nxc8 26. g4 Nd6 27. Bd5 Ne8 28. Rhf1 Nc7 29. Bb3 Rbe8 30. Re4 Ne6 31. Bxe6 Rxe6 32. Rfe1 Rb6 33. b3 Rc8 34. Rf1 Rc3 35. Rf2 Ra6 36. a4 Rac6 37. Kd1 a5 38. Ree2 Rd6 39. Kc1 Rdc6 40. Kb2 Rb6 41. Rf1 Ra6 42. Ref2 Rcc6 43. Ka3 Rab6 44. Rb1 Rc3 1/2-1/2

[Event "EU-ch U16 Girls 26th"]
[Site "Prague"]
[Date "2016.08.19"]
[Round "2"]
[White "Ciocan, Maria Alexandra"]
[Black "Henderson de la Fuente, Andrea"]
[Result "0-1"]
[WhiteElo "1742"]
[BlackElo "2027"]
[PlyCount "80"]
[EventDate "2016.08.18"]
[EventType "swiss"]
[EventRounds "9"]
[EventCountry "CZE"]
[SourceTitle "CBM 174 Extra"]
[Source "ChessBase"]
[SourceDate "2016.10.10"]
[SourceVersion "1"]
[SourceVersionDate "2016.10.10"]
[SourceQuality "1"]

1. e4 d6 2. d4 Nf6 3. Nc3 e5 4. Nf3 Nbd7 5. Rg1 exd4 6. Nxd4 Nc5 7. Qe2 a5 8. g4 Qe7 9. f3 g6 10. g5 Nfd7 11. Nd5 Qd8 12. Nb5 Na6 13. Bd2 Bg7 14. Bxa5 b6 15. Bc3 0-0 16. Bxg7 Kxg7 17. Nbc3 c6 18. Ne3 b5 19. Qf2 Qb6 20. h4 d5 21. 0-0-0 b4 22. Ne2 Qa5 23. Kb1 Nac5 24. Nc1 dxe4 25. Nc4 Qc7 26. Qd4+ Kg8 27. fxe4 Qf4 28. Bg2 Qxh4 29. Bf3 Qf4 30. Rdf1 Ne6 31. Qd6 Qxd6 32. Nxd6 Ba6 33. Rf2 Ne5 34. Be2 Rfd8 35. Rd1 Bxe2 36. Rxe2 Rd7 37. Red2 Rad8 38. Nb3 Kf8 39. Nc4 Rxd2 40. Rxd2 Nxc4 0-1

[Event "ESP-ch U16"]
[Site "Granada"]
[Date "2016.07.20"]
[Round "4"]
[White "Sanchez Serrano, Emilio"]
[Black "Henderson de la Fuente, Andrea"]
[Result "0-1"]
[WhiteElo "1898"]
[BlackElo "1998"]
[PlyCount "64"]
[EventDate "2016.07.18"]
[EventType "swiss"]
[EventRounds "9"]
[EventCountry "ESP"]
[SourceTitle "EXT 2024"]
[Source "ChessBase"]
[SourceDate "2023.10.10"]
[SourceVersion "1"]
[SourceVersionDate "2023.10.10"]
[SourceQuality "1"]

1. d4 Nf6 2. c4 g6 3. Nc3 Bg7 4. e4 d6 5. f4 c5 6. d5 0-0 7. Nf3 e6 8. dxe6 fxe6 9. Bd3 Nc6 10. 0-0 Nd4 11. Nxd4 cxd4 12. Nb5 e5 13. Qb3 Be6 14. Qb4 Ne8 15. Bd2 a6 16. Na3 Qc7 17. Rac1 Rc8 18. b3 b6 19. Nc2 Nf6 20. Qa3 a5 21. Qb2 Nd7 22. f5 Nc5 23. Ne1 gxf5 24. exf5 Nxd3 25. Nxd3 Bxf5 26. Ne1 e4 27. Bf4 Qc5 28. Qd2 Rce8 29. g4 e3 30. Qg2 Bg6 31. Nc2 e2 32. Rf3 Bxc2 0-1

[Event "ESP-ch 80th"]
[Site "Linares"]
[Date "2015.08.27"]
[Round "5"]
[White "Tudela Corbalan, Carlos"]
[Black "Henderson de la Fuente, Andrea"]
[Result "1-0"]
[WhiteElo "2169"]
[BlackElo "1808"]
[PlyCount "161"]
[EventDate "2015.08.23"]
[EventType "swiss"]
[EventRounds "9"]
[EventCountry "ESP"]
[SourceTitle "EXT 2016"]
[Source "ChessBase"]
[SourceDate "2015.10.08"]
[SourceVersion "1"]
[SourceVersionDate "2015.10.08"]
[SourceQuality "1"]

1. c4 e5 2. Nc3 Nc6 3. g3 g6 4. Bg2 Bg7 5. d3 d6 6. Nf3 Nge7 7. 0-0 0-0 8. Rb1 a5 9. a3 f5 10. Bd2 h6 11. b4 axb4 12. axb4 Be6 13. b5 Nb8 14. Ne1 c6 15. Nc2 d5 16. cxd5 cxd5 17. Nb4 e4 18. Qc2 Nd7 19. Rfc1 Ne5 20. Na4 Rc8 21. Qa2 Qd6 22. Rxc8 Rxc8 23. d4 Nc4 24. Bf4 Qd8 25. Nc5 Qb6 26. Nxe6 Qxe6 27. Qa7 Qb6 28. Qxb6 Nxb6 29. Bd6 Kf7 30. e3 g5 31. Bf1 Nc4 32. Bc5 Nd2 33. Rd1 Nxf1 34. Kxf1 Rd8 35. Ra1 Ke6 36. Ra7 Rd7 37. Ra8 Ng6 38. Rg8 Kf7 39. Rc8 f4 40. gxf4 gxf4 41. b6 fxe3 42. fxe3 Ke6 43. Rc7 Ne7 44. Bxe7 Rxe7 45. Rxe7+ Kxe7 46. Nxd5+ Kd6 47. Nc3 Kc6 48. Nxe4 Kxb6 49. Ke2 Kc6 50. Kd3 b5 51. Nd2 Kd5 52. e4+ Kd6 53. Kc3 Bf6 54. Nf3 Be7 55. Ne5 Ke6 56. Nc6 Bd6 57. h3 Kd7 58. Na7 b4+ 59. Kc4 Be7 60. Nb5 Ke6 61. Nc7+ Kd6 62. Nd5 b3 63. Kxb3 Bh4 64. Kc4 Bg3 65. Ne3 Bf4 66. Kd3 Ke6 67. e5 Bxe5 68. dxe5 Kxe5 69. Ng2 Kf5 70. Ke3 Kg5 71. Kf3 h5 72. Ke4 Kf6 73. Kf4 Kg6 74. h4 Kf6 75. Ne3 Kg6 76. Ke5 Kg7 77. Kf5 Kh6 78. Nd5 Kg7 79. Kg5 Kh7 80. Kxh5 Kg7 81. Kg5 1-0

[Event "ESP-ch U16"]
[Site "Salobrena"]
[Date "2015.07.24"]
[Round "8"]
[White "Henderson de la Fuente, Andrea"]
[Black "Alfaya Marcelo, Roberto"]
[Result "0-1"]
[WhiteElo "1947"]
[BlackElo "2097"]
[PlyCount "130"]
[EventDate "2015.07.20"]
[EventType "swiss"]
[EventRounds "9"]
[EventCountry "ESP"]
[SourceTitle "EXT 2016"]
[Source "ChessBase"]
[SourceDate "2015.10.08"]
[SourceVersion "1"]
[SourceVersionDate "2015.10.08"]
[SourceQuality "1"]

1. e4 c5 2. Nf3 d6 3. d3 Nc6 4. g3 g6 5. Bg2 Bg7 6. c3 Nf6 7. 0-0 0-0 8. Nbd2 Rb8 9. a4 a6 10. Re1 Qc7 11. Nf1 b5 12. axb5 axb5 13. Ne3 b4 14. Bd2 bxc3 15. bxc3 Be6 16. Ng5 Bb3 17. Qe2 h6 18. Nh3 Be6 19. Nf4 Bd7 20. Nfd5 Nxd5 21. Nxd5 Qd8 22. f4 e6 23. Ne3 Na5 24. Rf1 Nb3 25. Rae1 Nxd2 26. Qxd2 Rb3 27. Rc1 Qa5 28. Nc4 Qc7 29. g4 f5 30. h3 Kh7 31. Rc2 Rfb8 32. Ra1 Bc6 33. Ne3 fxe4 34. dxe4 Rb1+ 35. Rc1 R8b2 36. Qe1 Rxa1 37. Rxa1 Qf7 38. f5 exf5 39. gxf5 gxf5 40. Nxf5 Qg6 41. Nh4 Qg5 42. Ra7 Rc2 43. Kh2 Kg8 44. Ra1 Bxc3 45. Qb1 Be5+ 46. Kg1 Rb2 47. Qe1 Qf4 48. Ra5 Bd4+ 49. Kh1 Be5 50. Kg1 Qh2+ 51. Kf1 Bb5+ 52. Rxb5 Rxb5 53. Nf3 Qf4 54. Qd1 Rb2 55. Qd5+ Kg7 56. Qd1 Qg3 57. Nd2 Qd3+ 58. Kg1 Qxd2 59. Qg4+ Qg5 60. Qd7+ Kg8 61. Qe8+ Kh7 62. Qf7+ Bg7 63. Qf1 Qxg2+ 64. Qxg2 Rxg2+ 65. Kxg2 Kg6 0-1

[Event "San Sebastian op 38th"]
[Site "San Sebastian"]
[Date "2015.03.28"]
[Round "1"]
[White "Henderson de la Fuente, Andrea"]
[Black "Pastor Pons, Pedro Maria"]
[Result "0-1"]
[WhiteElo "1751"]
[BlackElo "2147"]
[PlyCount "152"]
[EventDate "2015.03.28"]
[EventType "swiss"]
[EventRounds "9"]
[EventCountry "ESP"]
[SourceTitle "CBM 165 Extra"]
[Source "ChessBase"]
[SourceDate "2015.04.21"]
[SourceVersion "1"]
[SourceVersionDate "2015.04.21"]
[SourceQuality "1"]

1. e4 g6 2. Nc3 Bg7 3. d4 d6 4. f4 c6 5. Nf3 Bg4 6. Be3 Qb6 7. Rb1 e5 8. Ne2 Bxf3 9. gxf3 Qa5+ 10. Nc3 Nd7 11. Bh3 Rd8 12. 0-0 Ne7 13. dxe5 dxe5 14. Qe2 b5 15. Qg2 Bh6 16. Qg4 Qc7 17. Ne2 Bg7 18. Rbd1 exf4 19. Bxf4 Qb6+ 20. Kh1 Nf6 21. Qh4 h6 22. Rxd8+ Qxd8 23. Qf2 Nh5 24. Be3 Bxb2 25. Bxa7 0-0 26. Be3 Bg7 27. Rg1 Kh7 28. Bc5 Re8 29. f4 Nf6 30. Qg2 Qd2 31. f5 g5 32. e5 Ned5 33. Bd6 Nh5 34. f6 Ndxf6 35. exf6 Rxe2 36. Qg4 Nxf6 37. Qf5+ Kg8 38. Qc8+ Ne8 39. Bg3 Qxc2 40. Rf1 Qe4+ 41. Kg1 Bd4+ 42. Bf2 Kg7 43. Bg2 Bxf2+ 44. Rxf2 Re1+ 45. Rf1 Qe3+ 46. Kh1 Qf2 47. Qh3 Nf6 48. Qd3 g4 49. a3 h5 50. Rxe1 Qxe1+ 51. Bf1 Qe4+ 52. Qxe4 Nxe4 53. Bg2 Nc3 54. Bxc6 f5 55. Kg2 h4 56. Bd7 Kf6 57. Kf2 Ke5 58. Kg2 Kf4 59. Bc6 h3+ 60. Kf2 Kg5 61. Kg3 f4+ 62. Kf2 Kh4 63. Kf1 g3 64. hxg3+ fxg3 65. Kg1 Kg5 66. Bf3 Nb1 67. a4 bxa4 68. Bd5 Nc3 69. Bc4 a3 70. Kh1 a2 71. Bxa2 Nxa2 72. Kg1 Nb4 73. Kh1 Nd3 74. Kg1 Nf2 75. Kf1 h2 76. Ke2 h1Q 0-1

[Event "Gibraltar Challengers-B 13th"]
[Site "Caleta"]
[Date "2015.02.04"]
[Round "5"]
[White "Henderson de la Fuente, Andrea"]
[Black "Haddock, Paul"]
[Result "1-0"]
[WhiteElo "1700"]
[BlackElo "1639"]
[PlyCount "70"]
[EventDate "2015.01.31"]
[EventType "swiss"]
[EventRounds "5"]
[EventCountry "GGB"]
[SourceTitle "CBM 164 Extra"]
[Source "ChessBase"]
[SourceDate "2015.03.02"]
[SourceVersion "1"]
[SourceVersionDate "2015.03.02"]
[SourceQuality "1"]

1. e4 d6 2. Nc3 e5 3. Bc4 Nf6 4. d3 Be7 5. f4 Nc6 6. Nf3 Bg4 7. h3 Bxf3 8. Qxf3 Nd4 9. Qd1 c6 10. 0-0 b5 11. Bb3 a5 12. a4 Nxb3 13. cxb3 b4 14. Ne2 Qb6+ 15. Kh1 0-0 16. Ng3 g6 17. Qf3 Nd7 18. f5 Bf6 19. Bh6 Bg7 20. Bxg7 Kxg7 21. f6+ Kh8 22. h4 Rae8 23. h5 gxh5 24. Nxh5 Re6 25. Rf2 Rg8 26. Raf1 Rg6 27. Qh3 Qd8 28. Qh4 Qg8 29. Kh2 Rg4 30. Qh3 Qg6 31. Rf5 d5 32. Kg1 d4 33. Qf3 Nc5 34. Ng7 Rd6 35. Rxe5 Ne6 1-0